Name an Applicable Pokemon 2 - Statistics

General Stats
  • This quiz has been taken 29 times
  • The average score is 9 of 15
Answer Stats
Hint Answer % Correct
Starts with a "J" Jangmo-o | Jellicent | Jigglypuff | Jirachi | Jolteon | Joltik | Jumpluff | Jynx
100%
Gen 1 + No Legs + Not Poison + Not Water Metapod | Diglett | Dugtrio | Geodude | Magnemite | Magneton | Onix | Voltorb | Electrode | Exeggcute | Ditto | Dratini | Dragonair
84%
Pseudo-Legendary + Unevolved Dratini | Larvitar | Bagon | Beldum | Gible | Deino | Goomy | Jangmo-o
79%
Gen 6 + Evolves Once Bunnelby | Litleo | Skiddo | Pancham | Espurr | Spritzee | Swirlix | Inkay | Binacle | Skrelp | Clauncher | Helioptile | Tyrunt | Amaura | Phantump | Pumpkaboo | Bermite | Noibat
74%
Immune to Three Types (Excludes Abilities) Drifloon | Drifblim | Oricorio | Golett | Golurk | Sandygast | Palossand | Honedge | Duoblade | Aegislash | Sableye | Spiritomb | Mimikyu
63%
Contains a Hyphen Ho-Oh | Porygon-Z | Jangmo-o | Hakamo-o | Kommo-o
63%
Receives 4x Damage from Ice + Not Flying Mega Sceptile | Vibrava | Flygon | Torterra | Gible | Gabite | Garchomp | Zygarde
63%
Loses a Type After Evolving Gloom | Onix | Scyther | Eevee | Pupitar | Surskit | Nincada | Azurill | Skorupi | Kirlia | Fletchling | Dartrix
58%
Mega + Ends with "S" Mega Ampharos | Mega Gyarados | Mega Heracross | Mega Latias | Mega Latios | Mega Metagross
58%
Ends in "ing" + Not Gen 1 Slowking | Ursaring | Slaking | Chingling | Fletchling
58%
Strong Jaw Ability Mega Sharpedo | Tyrunt | Tyrantrum | Yungoos | Gumshoos | Bruxish
42%
Gen 2 + Has One Horn Spinarak | Ariados | Aipom | Pineco | Heracross | Remoraid | Skarmory | Smeargle | Hitmontop | Larvitar | Lugia
42%
Green + Legendary Virizion | Tornadus | Celesteela
42%
Gen 3 + Begins & Ends with Same Letter Medicham | Electrike | Grumpig | Altaria
32%
Dual-Type & Resists 10+ Types Magnemite | Magneton | Magnezone | Togedemaru | Empoleon
16%
No matching quizzes found
Score Distribution
Percent of People with Each Score
Percentile by Number Answered
Your Score History
You have not taken this quiz